[Event "GER-ch Net qual3 U25"]
[Site "Playchess.com INT"]
[Date "2011.05.08"]
[Round "4"]
[White "Zier, Oliver"]
[Black "Kim, Oi Sin"]
[Result "1-0"]
[WhiteElo "2059"]
[BlackElo "2176"]
[PlyCount "139"]
[EventDate "2011.05.08"]
[EventType "swiss (blitz)"]
[EventRounds "7"]
[EventCountry "GER"]
[SourceTitle "CBM 142 Extra"]
[Source "ChessBase"]
[SourceDate "2011.06.27"]
[SourceVersion "1"]
[SourceVersionDate "2011.06.27"]
[SourceQuality "1"]

1. e4 e5 2. Nf3 Nc6 3. Bb5 Nd4 4. Nxd4 exd4 5. Bc4 Bc5 6. Bxf7+ Kxf7 7. Qh5+ g6 8. Qxc5 Nf6 9. Qxd4 Nxe4 10. 0-0 Re8 11. Re1 Qf6 12. Qxf6+ Nxf6 13. Rxe8 Kxe8 14. d3 d5 15. Bg5 Kf7 16. Nc3 Be6 17. Re1 c6 18. Ne2 Bd7 19. Nd4 c5 20. Nf3 Bf5 21. Ne5+ Kg7 22. f3 Rd8 23. g4 Bc8 24. Kf2 Rd6 25. c4 Be6 26. h3 a5 27. f4 a4 28. Nf3 Rb6 29. Re2 h6 30. Bh4 h5 31. Bxf6+ Kxf6 32. Ng5 Bg8 33. Re8 Kg7 34. Re2 dxc4 35. dxc4 Bxc4 36. Rc2 Bxa2 37. Rxc5 Rxb2+ 38. Kg3 Bg8 39. Rc7+ Kf6 40. Ne4+ Ke6 41. Rg7 a3 42. Rxg8 b5 43. Rxg6+ Kd5 44. gxh5 Kxe4 45. h6 a2 46. Ra6 Rc2 47. h7 Rc8 48. Rxa2 Kd4 49. Kg4 Rh8 50. Ra7 b4 51. Kg5 b3 52. Kg6 b2 53. Rb7 Kc3 54. Kg7 Rd8 55. h8Q Rd7+ 56. Kg6+ Kc4 57. Qxb2 Rd6+ 58. Kg5 Rd5+ 59. f5 Rd3 60. Qb4+ Kd5 61. Rd7+ Ke5 62. Qc5+ Ke4 63. Re7+ Kf3 64. Qc6+ Kf2 65. Qe4 Rg3+ 66. Kh4 Rf3 67. Qe1+ Kg2 68. Re2+ Rf2 69. Qxf2+ Kh1 70. Qg2# 1-0

[Event "GER-ch Net qual3 U25"]
[Site "Playchess.com INT"]
[Date "2011.05.08"]
[Round "7"]
[White "Zier, Oliver"]
[Black "Siebarth, Marco"]
[Result "0-1"]
[WhiteElo "2059"]
[BlackElo "1990"]
[PlyCount "78"]
[EventDate "2011.05.08"]
[EventType "swiss (blitz)"]
[EventRounds "7"]
[EventCountry "GER"]
[SourceTitle "CBM 142 Extra"]
[Source "ChessBase"]
[SourceDate "2011.06.27"]
[SourceVersion "1"]
[SourceVersionDate "2011.06.27"]
[SourceQuality "1"]

1. d4 d5 2. c4 c6 3. Nc3 Nf6 4. e3 e6 5. Nf3 Be7 6. Qc2 Nbd7 7. b3 0-0 8. Bd3 dxc4 9. bxc4 b6 10. 0-0 Bb7 11. Bb2 c5 12. Ne5 cxd4 13. exd4 Rc8 14. Rfd1 h6 15. Rac1 Qc7 16. Nxd7 Nxd7 17. Be4 Bg5 18. Bxb7 Qxb7 19. Rb1 Rxc4 20. Qd3 Rfc8 21. Ne4 Be7 22. Rbc1 Rxc1 23. Rxc1 Rxc1+ 24. Bxc1 Nf6 25. Nxf6+ Bxf6 26. Be3 Qc6 27. h3 b5 28. Qa3 a6 29. Qb4 Bd8 30. a3 a5 31. Qb3 Qc4 32. Qb2 b4 33. axb4 axb4 34. Qa1 Bf6 35. Qa8+ Kh7 36. Qe4+ g6 37. Qf4 Bg7 38. Qxf7 b3 39. Qb7 Qc2 0-1

[Event "GER-ch Net qual2 U18"]
[Site "Playchess.com INT"]
[Date "2011.05.04"]
[Round "6"]
[White "Cofman, Veaceslav"]
[Black "Zier, Oliver"]
[Result "0-1"]
[WhiteElo "2066"]
[BlackElo "2011"]
[PlyCount "138"]
[EventDate "2011.05.04"]
[EventType "swiss (blitz)"]
[EventRounds "7"]
[EventCountry "GER"]
[SourceTitle "CBM 142 Extra"]
[Source "ChessBase"]
[SourceDate "2011.06.27"]
[SourceVersion "1"]
[SourceVersionDate "2011.06.27"]
[SourceQuality "1"]

1. d4 Nf6 2. c4 e5 3. Nf3 e4 4. Nfd2 c6 5. Nc3 d5 6. e3 Bd6 7. h3 0-0 8. Qb3 Bc7 9. cxd5 cxd5 10. Qd1 Nc6 11. b3 Re8 12. Bb2 a6 13. Rc1 Be6 14. a3 Rc8 15. b4 Nd7 16. Nb3 Qg5 17. b5 axb5 18. Nxb5 Bb8 19. Nc5 Nxc5 20. Rxc5 f5 21. Nc3 f4 22. Nxe4 Qg6 23. Nc3 fxe3 24. fxe3 Bg3+ 25. Kd2 Bd6 26. Rb5 Qf7 27. Bd3 Rf8 28. Qe2 Qe7 29. Nxd5 Bxd5 30. Rxd5 Bxa3 31. Bc4 Kh8 32. Bc3 Bb4 33. Rc1 Bxc3+ 34. Rxc3 Qb4 35. Rb5 Qa4 36. Qd1 Qa8 37. Ke2 Rce8 38. Qd3 Qd8 39. Bd5 Qe7 40. Rbc5 Qd6 41. Bxc6 bxc6 42. Rxc6 Qg3 43. Kd1 Qxg2 44. Qe2 Rf1+ 45. Kd2 Rf2 46. Rc8 Rxe2+ 47. Kd3 Qg6+ 48. Kxe2 Qh5+ 49. Kd2 Qf7 50. Rxe8+ Qxe8 51. Kd3 Qg6+ 52. e4 h6 53. Kc4 Kh7 54. d5 Qf7 55. Kd4 Qf6+ 56. e5 Qf4+ 57. Kc5 Qxe5 58. Rc4 g5 59. Rd4 Kg6 60. Rb4 Kf5 61. Rb5 h5 62. Kc6 Qc3+ 63. Kb6 Qd4+ 64. Rc5 g4 65. Kc6 gxh3 66. d6+ Ke6 67. Kb6 Qxd6+ 68. Rc6 Qxc6+ 69. Kxc6 h2 0-1

[Event "GER-ch Net qual2 U18"]
[Site "Playchess.com INT"]
[Date "2011.05.04"]
[Round "3"]
[White "Kaphle, Sebastian"]
[Black "Zier, Oliver"]
[Result "1-0"]
[WhiteElo "2203"]
[BlackElo "2011"]
[PlyCount "55"]
[EventDate "2011.05.04"]
[EventType "swiss (blitz)"]
[EventRounds "7"]
[EventCountry "GER"]
[SourceTitle "CBM 142 Extra"]
[Source "ChessBase"]
[SourceDate "2011.06.27"]
[SourceVersion "1"]
[SourceVersionDate "2011.06.27"]
[SourceQuality "1"]

1. e4 c5 2. Nf3 e6 3. d4 cxd4 4. Nxd4 Nf6 5. Bd3 Nc6 6. Be3 d5 7. Nd2 Be7 8. 0-0 0-0 9. N4b3 a5 10. a4 Nb4 11. e5 Nd7 12. f4 Nxd3 13. cxd3 b6 14. Nd4 Bb7 15. Rc1 Rc8 16. Qe2 Nc5 17. b3 Ba6 18. Rc3 Qd7 19. Nb1 Rc7 20. Rfc1 Rfc8 21. Na3 Nxd3 22. Rxc7 Rxc7 23. Rxc7 Qxc7 24. Nab5 Bxb5 25. Nxb5 Nc1 26. Qd1 Qc6 27. Qxc1 Bc5 28. Kf1 1-0